00742nam a2200157Ia 4500008004100000100002500041245010200066245017500168260005300343260000900396300001100405650001500416856006100431999001900492952007300511170221s9999 xx 000 0 und d aKadriya I. Sibgatova 4aThe Traditional and Innovative Technologies of Vocational Guidance Work with Pupils and Students  cKadriya I. Sibgatova, Elena P. Ilchinskaya, Elena M. Bastrikova, Lyudmila L. Kuramshina, Alexandr L. Makarov, Natalya Y. Chernova, Elmira R. Khairullina, Vera V. Murugova bInternational Review of Management and Marketing c2016 a6 : 2S xMarketing. uhttp://www.econjournals.com/index.php/irmm/issue/view/71 c308605d308605 001040aCLbCLd2017-02-21l0r2017-02-21 00:00:00w2017-02-21yFOJ